000 01021nam0a22002891 4500
001 rc\4675208
005 20130416204753.7
021 _aRU
_b[69-52115]
035 _a(NLR Aleph) 008704777
090 _a9321138
_c9321138
100 _a20130416d1960 |||y0rusy50 ca
101 0 _arus
102 _aRU
105 _aa z |||||
200 1 _aПо-новому убирать лен
_f[Лит. запись А.С. Лекомцева]
210 _aКиров
_cКн. изд-во
_d1960
215 _a62 с.
_cчерт.
_d14
225 1 _aБиблиотечка механизатора
_vВып. 3
606 _aЛен
_xУборка
_xМеханизация
_yКировская область
_2psbo
700 1 _aПодшивалова
_bТ. Н.
_gТамара Николаевна
701 1 _aЧекарамыт
_bМ. Н.
_gМихаил Николаевич
702 1 _aЛекомцев
_bА. С.
_4570
801 0 _aRU
_bNLR
_gpsbo
801 1 _aRU
_bELAR
_2rusmarc
852 _aNLR
_j60-1/923
942 _cBOOK
980 _aNB